[Event "Nova Gorica op 24th"]
[Site "Nova Gorica"]
[Date "2019.01.25"]
[Round "1"]
[White "Vidmar, Klara"]
[Black "Kaluza, Dominik"]
[Result "1-0"]
[WhiteElo "1799"]
[BlackElo "1536"]
[PlyCount "80"]
[EventDate "2019.01.25"]
[EventType "swiss"]
[EventRounds "9"]
[EventCountry "SLO"]
[SourceTitle "CBM 188 Extra"]
[Source "ChessBase"]
[SourceDate "2019.02.26"]
[SourceVersion "1"]
[SourceVersionDate "2019.02.26"]
[SourceQuality "1"]

1. e4 c6 2. Nc3 d5 3. Nf3 dxe4 4. Nxe4 Bf5 5. Ng3 Bg6 6. h4 h6 7. Ne5 Qd6 8. Nxg6 Qxg6 9. d4 Nd7 10. c3 e5 11. Bd3 Qd6 12. Be3 Ngf6 13. Qe2 Qc7 14. dxe5 Qxe5 15. Bd4 Qxe2+ 16. Bxe2 Bd6 17. Nf5 Bf8 18. 0-0-0 g6 19. Ng3 Bg7 20. Rhe1 0-0 21. h5 g5 22. Nf5 c5 23. Be3 b6 24. Nxg7 Kxg7 25. Rd6 Rfe8 26. Bb5 Re7 27. Red1 Ne5 28. f4 gxf4 29. Bxf4 Neg4 30. Bc6 Rc8 31. Bf3 Rg8 32. Bg3 Re3 33. Bh4 Rge8 34. Bxg4 Nxg4 35. Rd7 a5 36. Rf1 Rf8 37. Be7 Re8 38. Bxc5 Re1+ 39. Rxe1 Rxe1+ 40. Kd2 Re6 1-0

[Event "Otocec Krka Terme op"]
[Site "Otocec"]
[Date "2018.12.27"]
[Round "6"]
[White "Coz, Jera"]
[Black "Kaluza, Dominik"]
[Result "0-1"]
[WhiteElo "1482"]
[BlackElo "1523"]
[PlyCount "35"]
[EventDate "2018.12.25"]
[EventType "swiss"]
[EventRounds "9"]
[EventCountry "SLO"]
[SourceTitle "EXT 2020"]
[Source "ChessBase"]
[SourceDate "2019.10.17"]
[SourceVersion "1"]
[SourceVersionDate "2019.10.17"]
[SourceQuality "1"]

1. e4 c6 2. Be2 d5 3. exd5 cxd5 4. Bb5+ Bd7 5. Bxd7+ Nxd7 6. Ne2 e6 7. 0-0 Bd6 8. g3 Ngf6 9. Nbc3 a6 10. d3 0-0 11. Be3 h6 12. Na4 b5 13. Bb6 Nxb6 14. Nxb6 Qxb6 15. c4 bxc4 16. Nc3 Qxb2 17. Na4 Qa3 18. dxc4 0-1

[Event "Otocec Krka Terme op"]
[Site "Otocec"]
[Date "2018.12.26"]
[Round "5"]
[White "Kaluza, Dominik"]
[Black "Kersic, Matej"]
[Result "0-1"]
[WhiteElo "1523"]
[BlackElo "2138"]
[PlyCount "206"]
[EventDate "2018.12.25"]
[EventType "swiss"]
[EventRounds "9"]
[EventCountry "SLO"]
[SourceTitle "EXT 2020"]
[Source "ChessBase"]
[SourceDate "2019.10.17"]
[SourceVersion "1"]
[SourceVersionDate "2019.10.17"]
[SourceQuality "1"]

1. d4 d5 2. Bf4 c6 3. e3 Bf5 4. c4 e6 5. Nc3 Bd6 6. Bg3 Nf6 7. Qb3 b6 8. Nf3 Bxg3 9. hxg3 0-0 10. Ne5 Qd6 11. cxd5 exd5 12. Rc1 Nbd7 13. Nxd7 Qxd7 14. Na4 Rac8 15. Be2 Ne4 16. Nc3 Rfe8 17. Nxe4 Bxe4 18. Bd3 Qf5 19. Bxe4 Qxe4 20. Qc2 h6 21. 0-0 Qe7 22. Qa4 Qb7 23. Rc3 Re7 24. Rfc1 Rec7 25. b4 g6 26. f4 f5 27. Kf2 h5 28. a3 b5 29. Qc2 Qb6 30. Qb2 Kf7 31. Rc5 Ke6 32. Qd2 Rd8 33. Qe1 Kd7 34. Qh1 Kc8 35. Qh4 Rd6 36. Qg5 Kb7 37. Qh6 Rcd7 38. Qf8 Qd8 39. Qxd8 Rxd8 40. Ra1 Ra8 41. a4 a6 42. Rc3 bxa4 43. Rxa4 Rd7 44. Ra5 Kb6 45. Ke2 Re7 46. Kd2 Rh7 47. Rac5 Rc7 48. Rc1 Rh8 49. Rh1 Re7 50. Rhc1 Re6 51. Rh1 Rb8 52. Rhc1 Rd6 53. Ke2 Kc7 54. Rb1 Rb6 55. Kd2 Re6 56. Kd3 Re8 57. Kd2 Kd6 58. Kd3 Reb8 59. Kc3 Rb5 60. Rxb5 cxb5 61. Ra1 Rc8+ 62. Kb3 Rc6 63. Kb2 Kc7 64. Kb3 Kb6 65. Kb2 Re6 66. Ra3 Rc6 67. Ra1 Rc7 68. Kb3 Re7 69. Re1 a5 70. bxa5+ Kxa5 71. Ra1+ Kb6 72. Re1 Re8 73. Kb4 Rc8 74. Kb3 Rc4 75. Ra1 b4 76. Re1 Kb5 77. Kb2 Rc3 78. Re2 Kc4 79. Rd2 Rxe3 80. Kc2 Rxg3 81. Kb2 Rd3 82. Rxd3 Kxd3 83. Kb3 Kxd4 84. Kxb4 Ke3 85. Kc3 d4+ 86. Kc2 Ke2 87. g4 fxg4 88. f5 d3+ 89. Kc3 gxf5 90. Kd4 d2 91. Ke5 g3 92. Kf4 g2 93. Ke5 g1Q 94. Kxf5 h4 95. Ke4 h3 96. Ke5 h2 97. Ke4 h1R 98. Ke5 d1R 99. Ke4 Qg4+ 100. Ke5 Rh5+ 101. Kf6 Rd6+ 102. Ke7 Qd7+ 103. Kf8 Rh8# 0-1

[Event "Mediterranean op 10th"]
[Site "Rijeka"]
[Date "2018.11.25"]
[Round "2"]
[White "Petrovic, David"]
[Black "Kaluza, Dominik"]
[Result "1-0"]
[WhiteElo "1726"]
[BlackElo "1503"]
[PlyCount "65"]
[EventDate "2018.11.24"]
[EventType "swiss"]
[EventRounds "9"]
[EventCountry "CRO"]
[SourceTitle "CBM 187 Extra"]
[Source "ChessBase"]
[SourceDate "2018.11.04"]
[SourceVersion "1"]
[SourceVersionDate "2018.11.04"]
[SourceQuality "1"]

1. e4 c6 2. d4 d5 3. e5 Bf5 4. Bd3 Bg6 5. f4 e6 6. Nf3 Nd7 7. Be3 c5 8. Bxg6 hxg6 9. c3 Nh6 10. Ng5 Nf5 11. Bf2 Be7 12. Nf3 Qb6 13. Qb3 c4 14. Qc2 a6 15. Nbd2 Qc6 16. Nf1 b5 17. h4 Qc7 18. g4 Nh6 19. Ne3 b4 20. f5 gxf5 21. gxf5 Nxf5 22. Nxf5 exf5 23. Qxf5 bxc3 24. bxc3 Qa5 25. 0-0 Qxc3 26. e6 fxe6 27. Qg6+ Kd8 28. Qxe6 Qxf3 29. Be1 Qh5 30. Rf7 Re8 31. Ba5+ Kc8 32. Qc6+ Kb8 33. Qc7# 1-0

[Event "SLO-chT2 West"]
[Site "Komenda"]
[Date "2017.11.26"]
[Round "7.5"]
[White "Konvalinka, Kostja"]
[Black "Kaluza, Dominik"]
[Result "1/2-1/2"]
[WhiteElo "1738"]
[BlackElo "1390"]
[PlyCount "90"]
[EventDate "2017.11.11"]
[EventType "team-tourn"]
[EventRounds "7"]
[EventCountry "SLO"]
[SourceTitle "EXT 2019"]
[Source "ChessBase"]
[SourceDate "2018.10.10"]
[SourceVersion "1"]
[SourceVersionDate "2018.10.10"]
[SourceQuality "1"]
[WhiteTeam "Trzin"]
[BlackTeam "Postojna"]
[WhiteTeamCountry "SLO"]
[BlackTeamCountry "SLO"]

1. e4 c6 2. d4 d5 3. Nc3 dxe4 4. Nxe4 Bf5 5. Ng3 Bg6 6. Nf3 e6 7. Bd3 Nf6 8. 0-0 Nbd7 9. Re1 Be7 10. Qe2 0-0 11. c3 Re8 12. Ne4 Rc8 13. Bf4 Nd5 14. Bd2 Qb6 15. b3 N7f6 16. c4 Nxe4 17. Bxe4 Bxe4 18. Qxe4 Nf6 19. Qe2 Kf8 20. h3 Nd7 21. Rad1 Bf6 22. Be3 Qc7 23. Qc2 g6 24. Bh6+ Bg7 25. Bxg7+ Kxg7 26. Qe2 Nf6 27. Ng5 Rcd8 28. Ne4 Qf4 29. Nxf6 Qxf6 30. Qe4 Kf8 31. Qe5 Qxe5 32. dxe5 Ke7 33. Kf1 Rxd1 34. Rxd1 Rd8 35. Rxd8 Kxd8 36. Ke2 Kc7 37. Kd3 Kb6 38. b4 c5 39. a3 Kc6 40. Kc3 b5 41. h4 h6 42. g4 a6 43. f4 h5 44. g5 Kb6 45. Kb3 Kc6 1/2-1/2